000 00502nam a22001937a 4500
005 20260206130701.0
008 260206b |||||||| |||| 00| 0 eng d
020 _a9788119680191
_c995.00
040 _aMAIN
041 _aEnglish
082 _a332.109
_bBHA
100 _aBhatt, Vipul
_926175
245 _aInnovative Financial Inclusion for Women led Startups
260 _aDelhi
_bAcademic
_c2024
300 _a184
650 _aEconomics
_979
700 _aPundir, Vibha
_917292
942 _cBK
999 _c60264
_d60264